000 00932nam a2200241 i 4500
001 74085
003 ES-MaACL
005 20250902055925.0
007 t|
008 040915s1949 sp ||||1| spa d
100 1 _aGonzález de Castro, Luis.
_958535
245 1 0 _aContabilidad de empresas /
_cpor Luis González de Castro.
260 _aAlicante :
_b[s.n.,
_c1949] (
_fGutenberg)
300 _a404 p. ;
_c24 cm.
510 _aCCPB,
_c001343653-8
650 4 _911307
_aContabilidad
650 7 _aEmpresas
_2embne
_912209
852 _aES-MaACL
_jD-6384
_bR.30260
_bR.M.5979
_cSVI
_fSello en tinta azul de la Biblioteca del Ateneo de Madrid
_gAnotación manuscrita en portada: "28"
_xEncuadernación en tela verde
_976865
942 _2udc
_cMONOGRAFIA
999 _c74085
_d74085